000
00297nam a2200121Ia 4500
008
230917s9999||||xx |||||||||||||| ||und||
040
_e
192518
_a
MAIN
041
_a
English
082
_a
547.139 M896P
100
_a
Mukherji, S M
245
0
_a
Pericyclic reaction; A mechanistic study
942
_c
BK
999
_c
48095
_d
48095